Central Library, Doon University
WEBOPAC (ONLINE PUBLIC ACCESS CATALOGUE)

Computer Concept Programming In C (Record no. 60622)

MARC details
000 -LEADER
fixed length control field 00538nam a22002057a 4500
005 - DATE & TIME
control field 20260416114419.0
008 - FIXED-LENGTH DATA ELEMENTS--GENERAL INFORMATION
fixed length control field 260416b |||||||| |||| 00| 0 eng d
020 ## - ISBN
International Standard Book Number 9788190736411
Price 895.00
040 ## - CATALOGING SOURCE
Original cataloging agency Doon University
041 ## - Language
Language English
082 ## - DDC NUMBER
Classification number 005.133
Book Number SHU
100 ## - MAIN ENTRY--PERSONAL NAME
Personal name Shukla, Amal Shankar
245 ## - TITLE STATEMENT
Title Computer Concept Programming In C
260 ## - PUBLICATION, DISTRIBUTION, ETC. (IMPRINT)
Place of publication, distribution, etc Delhi
Name of publisher, distributor, etc A.B. Publishers
Date of publication, distribution, etc 2025
300 ## - PHYSICAL DESCRIPTION
Pages 661
650 ## - Subject
Subject Computer Science
700 ## - Added Entry Personal Name
Added Entry Personal Name Gaur, Navneet K.
700 ## - Added Entry Personal Name
Added Entry Personal Name Gaur, Madhu
942 ## - ADDED ENTRY ELEMENTS (KOHA)
Koha item type Books
100 ## - MAIN ENTRY--PERSONAL NAME
-- 26616
700 ## - Added Entry Personal Name
-- 26617
700 ## - Added Entry Personal Name
-- 26618
952 ## - LOCATION AND ITEM INFORMATION (KOHA)
-- 2026-04-16
Holdings
Withdrawn status Lost status Source of classification or shelving scheme Damaged status Not for loan Location (home branch) Sublocation or collection (holding branch) Date acquired Koha issues (times borrowed) Koha full call number Accession No. Koha date last seen Koha item type
          Doon University Doon University 16.04.2026   005.133 SHU 53909 16.04.2026 Books
Contact : +91-135-2533126 (Library),+91-135-2533105 (Admin Office) , Email : doonlibrary@gmail.com

Powered by Koha